000 00821nam a2200289 a 4500
001 000107730
003 CHAP
005 20220329143941.0
008 131025s2008 mx a |r| |||||||spa d
010 _a104192
011 _a105164
020 _a9789701514214
040 _cCHAP
082 0 4 _a631.587
_bP28 2008
100 0 0 _aPascual España, B.
_985846
245 1 0 _aRiegos de gravedad y a presión /
_cpor Bernardo Pascual España.
260 _aMéxico, D.F. :
_bAlfaomega,
_c2008.
300 _a373 p. :
_bil.
590 _aE11695DGD
_b10
_c20131028
_lUCH01
_h1034
590 _aE5765TAJ
_b10
_c20131025
_lUCH01
_h1325
650 1 4 _aIrrigación.
_960366
650 1 4 _aIrrigación
_xImplementos y maquinaria.
_960421
650 1 4 _aRiego por aspersión.
_997375
901 _aBK
942 _cLIBRO
942 _n0
999 _c104192
_d104192